书目信息 |
| 题名: |
信用管理学
|
|
| 作者: | 朱毅峰 , 吴晶妹 主编 | |
| 分册: | ||
| 出版信息: | 北京 中国人民大学出版社 2005 |
|
| 页数: | 240 | |
| 开本: | 23cm | |
| 丛书名: | 北京市高等教育精品教材立项项目 | |
| 单 册: | ||
| 中图分类: | F830.56 | |
| 科图分类: | ||
| 主题词: | 金融 , 银行 | |
| 电子资源: | ||
| ISBN: | 7-300-06427-2 | |
| 000 | 00695nam0 2200229 450 | |
| 001 | 0753815641 | |
| 005 | 20070930145655.64 | |
| 010 | @a7-300-06427-2@d¥19.00 | |
| 100 | @a20070930d km y0chiy0120 ea | |
| 101 | 0 | @achi |
| 200 | 1 | @a信用管理学@Axin yong guan li xue@f朱毅峰,吴晶妹主编@Fzhu yi feng,wu jing mei zhu bian |
| 210 | @a北京@c中国人民大学出版社@d2005 | |
| 215 | @a240@d23cm | |
| 225 | 2 | @a北京市高等教育精品教材立项项目 |
| 410 | 0 | @12001 @a北京市高等教育精品教材立项项目 |
| 606 | 0 | @a金融 |
| 606 | 0 | @a银行 |
| 690 | @aF830.56@v3 | |
| 701 | 0 | @a朱毅峰@Azhu yi feng@4主编 |
| 701 | 0 | @a吴晶妹@Awu jing mei@4主编 |
| 801 | 0 | @aCN@bPFT@c20070930 |
| 905 | @a213230@dF830.56@eg105@f1 | |
| 信用管理学/朱毅峰,吴晶妹主编.-北京:中国人民大学出版社,2005 |
| 240;23cm.-(北京市高等教育精品教材立项项目) |
| ISBN 7-300-06427-2:¥19.00 |
| ● |
| 相关链接 |
|
|
|
|
正题名:信用管理学
索取号:F830.56/g105
 
预约/预借
| 序号 | 登录号 | 条形码 | 馆藏地/架位号 | 状态 | 备注 |
| 1 | 6504209 | 265042090 | 密集书库-海洋学院/ [索取号:F830.56/g105] | 在馆 |